Statistics for Guess the 1970s song lyrics #259

Click here to take the quiz!

General Stats

  • This quiz has been taken 7 times
  • The average score is 204 of 289

Answer Stats

Answer% Correct
go
100%
Go
100%
I
100%
N
100%
no
100%
to
100%
what
100%
woman
100%
you
100%
You
100%
your
100%
away
86%
be
86%
can
86%
do
86%
don't
86%
Don't
86%
for
86%
from
86%
get
86%
Get
86%
let
86%
me
86%
more
86%
my
86%
say
86%
American
71%
come
71%
got
71%
I'm
71%
in
71%
know
71%
need
71%
now
71%
Now
71%
Stay
71%
stay
71%
the
71%
time
71%
You're
71%
around
57%
door
57%
eye
57%
eyes
57%
gonna
57%
Gonna
57%
good
57%
hey
57%
hypnotize
57%
knockin
57%
leave
57%
Said
57%
said
57%
see
57%
someone
57%
Than
57%
wanna
57%
with
57%
Bye
43%
bye
43%
Colored
43%
else's
43%
face
43%
ghetto
43%
gotta
43%
Gotta
43%
growin
43%
lights
43%
Listen
43%
look
43%
machines
43%
mind
43%
old
43%
right
43%
scenes
43%
spend
43%
things
43%
war
43%
chick
29%
Goodbye
29%
hangin
29%
Mama
29%
mess
29%
Say A
29%
Say C
29%
Say E
29%
Say I
29%
Say M
29%
Say R
29%
shadow
29%
she
29%
Sparkle
29%
tell
29%
Uh
14%
impotant
0%

Score Distribution

Percentile by Number Answered

Percent of People with Each Score

Your Score History

You have not taken this quiz